000 00393nam a2200145Ia 4500
008 231129s1997||||xx |||||||||||||| ||spa||
020 _a958-9039-34-0
040 _bspa
082 _a370.19 G463t
100 _aGil Villa Fernando
245 0 _aTeorí­a sociológica de la educación
260 _c1997
264 _aNueva América
942 _2ddc
_cBKS
999 _c25241
_d25241